[Event "4NCL Division 2b"]
[Site "Daventry, ENG"]
[Date "2018.11.10"]
[Round "1.66"]
[White "Starley, Robert"]
[Black "Fink-Nunn, Petra"]
[Result "1-0"]
[WhiteElo "2080"]
[BlackElo "2051"]
[PlyCount "65"]
[EventDate "2018.11.10"]
[WhiteTeam "Cambridge University 1"]
[BlackTeam "Guildford 3"]

1. e4 c5 2. Nf3 d6 3. d4 Nf6 4. Nc3 cxd4 5. Nxd4 g6 6. Be3 Bg7 7. f3 O-O 8. Qd2
Nc6 9. O-O-O d5 10. exd5 Nxd5 11. Nxc6 bxc6 12. Nxd5 cxd5 13. Qxd5 Qc7 14. Qc5
Qb7 15. Qa3 Bf5 16. Bd3 Rab8 17. b3 Rfc8 18. Bxf5 gxf5 19. Rd3 Qc7 20. c4 Qe5
21. Rhd1 Qxh2 22. Qxe7 Qxg2 23. Rd8+ Rxd8 24. Rxd8+ Rxd8 25. Qxd8+ Bf8 26. Bc5
Qg7 27. Qxf8+ Qxf8 28. Bxf8 Kxf8 29. Kd2 f4 30. b4 Ke7 31. c5 Kd7 32. b5 Kc7
33. Ke2 1-0

[Event "4NCL Division 2b"]
[Site "Daventry, ENG"]
[Date "2018.11.10"]
[Round "1.67"]
[White "Shepley, Julien M"]
[Black "Walkusz, Miroslaw"]
[Result "1/2-1/2"]
[WhiteElo "1967"]
[BlackElo "1938"]
[PlyCount "58"]
[EventDate "2018.11.10"]
[WhiteTeam "Guildford 3"]
[BlackTeam "Cambridge University 1"]

1. d4 d5 2. Bf4 Nf6 3. e3 c5 4. Nd2 Nc6 5. Ngf3 e6 6. c3 Be7 7. Bd3 O-O 8. Ne5
cxd4 9. exd4 Nxe5 10. Bxe5 Bd6 11. Qc2 g6 12. Nf3 Bxe5 13. Nxe5 Nd7 14. f4 Nxe5
15. fxe5 Bd7 16. O-O f5 17. exf6 Rxf6 18. Rxf6 Qxf6 19. Rf1 Qe7 20. Qf2 Qf8 21.
Qxf8+ Rxf8 22. Rxf8+ Kxf8 23. Kf2 Ke7 24. h4 e5 25. dxe5 Ke6 26. h5 Be8 27.
hxg6 hxg6 28. Ke3 Kxe5 29. Bc2 g5 1/2-1/2

[Event "4NCL Division 2b"]
[Site "Daventry, ENG"]
[Date "2018.11.10"]
[Round "1.68"]
[White "Kirupakaran, Vishnu"]
[Black "Stimpson, Philip M"]
[Result "1-0"]
[WhiteElo "1742"]
[BlackElo "1919"]
[PlyCount "137"]
[EventDate "2018.11.10"]
[WhiteTeam "Cambridge University 1"]
[BlackTeam "Guildford 3"]

1. e4 d5 2. exd5 Nf6 3. d4 Bg4 4. f3 Bf5 5. g4 Bg6 6. c4 e6 7. g5 Nh5 8. Nc3
Be7 9. Nh3 O-O 10. Bd3 c5 11. Bxg6 hxg6 12. dxc5 Bxc5 13. dxe6 Qe7 14. Qe2 Nc6
15. Nd5 Qxe6 16. Qxe6 fxe6 17. Nc7 Rac8 18. Nb5 Rxf3 19. Ng1 Bb4+ 20. Ke2 Rf5
21. Nf3 Rcf8 22. Nbd4 Nxd4+ 23. Nxd4 Rf2+ 24. Kd3 e5 25. Ne6 R8f7 26. a3 Bd6
27. b4 Re7 28. Be3 Rf3 29. Nc5 Bxc5 30. bxc5 Rf5 31. Ke4 Nf4 32. Rhf1 Ng2 33.
Bd2 Ref7 34. Rxf5 Rxf5 35. Rb1 Rf7 36. Kxe5 Nh4 37. Ke4 Rc7 38. Be3 Re7+ 39.
Kd3 Ng2 40. Bd2 Nh4 41. Bf4 Nf5 42. a4 Kf7 43. a5 Rd7+ 44. Kc3 a6 45. Rb6 Ne7
46. Rd6 Rxd6 47. cxd6 Nc6 48. c5 Ke6 49. Be3 Nxa5 50. Bd4 Nc6 51. Bxg7 Kd5 52.
Bf6 Kxc5 53. d7 Kd5 54. d8=Q+ Nxd8 55. Bxd8 Ke4 56. Kb4 Kf5 57. Ka5 b5 58. Be7
Kg4 59. Kxa6 b4 60. Bxb4 Kxg5 61. Bd6 Kf5 62. Kb5 Ke4 63. Kc5 g5 64. Bg3 Kf5
65. Kd5 Kg4 66. Ke5 Kh5 67. Kf5 Kh6 68. h3 Kh5 69. Bf2 1-0

[Event "4NCL Division 2b"]
[Site "Daventry, ENG"]
[Date "2018.11.10"]
[Round "1.71"]
[White "Bullen, Alex"]
[Black "Jessel, Stephen"]
[Result "0-1"]
[WhiteElo "2073"]
[BlackElo "2318"]
[PlyCount "122"]
[EventDate "2018.11.10"]
[WhiteTeam "West is Best 2"]
[BlackTeam "Gonzaga"]

1. d4 e6 2. Nf3 c5 3. c3 d5 4. Bf4 Nc6 5. e3 Nf6 6. Nbd2 cxd4 7. exd4 Nh5 8.
Be3 Bd6 9. Ne5 g6 10. g4 Ng7 11. Bh6 O-O 12. Ndf3 f6 13. Nxc6 bxc6 14. h4 Qe7
15. g5 e5 16. Bxg7 Kxg7 17. dxe5 fxe5 18. Bh3 Bxh3 19. Rxh3 Qe6 20. Rg3 c5 21.
Nd2 e4 22. Qg4 Qf7 23. Rg2 Bf4 24. Rd1 Rae8 25. Nf1 Re5 26. Qe2 Qb7 27. Ne3
Bxe3 28. Qxe3 Qc6 29. b4 Rf3 30. Qd2 cxb4 31. cxb4 Qc3 32. Rc1 Qxd2+ 33. Kxd2
Ref5 34. Ke1 Rh3 35. a4 Rxh4 36. b5 Rh1+ 37. Kd2 Rxc1 38. Kxc1 Rf3 39. Rg3 Rxf2
40. Rc3 Rf7 41. a5 Rd7 42. b6 axb6 43. axb6 Kf7 44. Kd2 Ke7 45. Rb3 Rb7 46. Ke3
Kd6 47. Kd4 e3 48. Kxe3 Kc5 49. Rc3+ Kxb6 50. Kd4 Rf7 51. Kxd5 Rf5+ 52. Ke6
Rxg5 53. Kf6 Rg4 54. Ke5 h5 55. Kf6 h4 56. Ke5 g5 57. Kf5 Rg3 58. Rc1 h3 59.
Rh1 g4 60. Kf4 Rg2 61. Ke3 h2 0-1

[Event "4NCL Division 2b"]
[Site "Daventry, ENG"]
[Date "2018.11.10"]
[Round "1.72"]
[White "Thorarinsson, Pall A"]
[Black "Taylor, William J"]
[Result "1-0"]
[WhiteElo "2269"]
[BlackElo "2079"]
[PlyCount "79"]
[EventDate "2018.11.10"]
[WhiteTeam "Gonzaga"]
[BlackTeam "West is Best 2"]

1. e4 e5 2. Nf3 Nc6 3. d4 exd4 4. Bc4 Nf6 5. e5 d5 6. Bb5 Ne4 7. Nxd4 Bd7 8.
Bxc6 bxc6 9. O-O Bc5 10. Be3 O-O 11. f3 Ng5 12. f4 Ne4 13. Nd2 f5 14. Nxe4 fxe4
15. Qd2 Qe7 16. Kh1 Bb6 17. b4 Kh8 18. c4 dxc4 19. Qc3 Bxd4 20. Bxd4 Qe6 21.
Rae1 Rf7 22. Rxe4 Qd5 23. e6 Bxe6 24. Rfe1 Bd7 25. Be5 c5 26. Qxc4 Qxc4 27.
Rxc4 Be6 28. Rxc5 Bxa2 29. Bxc7 Kg8 30. Kg1 Rd7 31. Be5 a6 32. Ra1 Bd5 33. b5
a5 34. b6 Bb7 35. Rcxa5 Rxa5 36. Rxa5 Kf7 37. Ra7 g6 38. Bc7 Rd1+ 39. Kf2 Rd2+
40. Ke3 1-0

[Event "4NCL Division 2b"]
[Site "Daventry, ENG"]
[Date "2018.11.10"]
[Round "1.73"]
[White "Musson, Adam J"]
[Black "Delaney, Killian"]
[Result "0-1"]
[WhiteElo "2022"]
[BlackElo "2206"]
[PlyCount "68"]
[EventDate "2018.11.10"]
[WhiteTeam "West is Best 2"]
[BlackTeam "Gonzaga"]

1. Nf3 Nf6 2. c4 g6 3. Nc3 Bg7 4. e4 d6 5. d4 O-O 6. Be2 e5 7. d5 a5 8. Bg5 Na6
9. Nd2 h6 10. Be3 Nc5 11. b3 Ne8 12. g4 f5 13. gxf5 gxf5 14. exf5 Bxf5 15. Rg1
Kh8 16. Nf1 Qf6 17. Rc1 e4 18. Ng3 Bg6 19. Qd2 Qh4 20. Nb5 Nd3+ 21. Bxd3 exd3
22. f4 c6 23. Nd4 Bxd4 24. Bxd4+ Nf6 25. Qf2 c5 26. Bxf6+ Rxf6 27. Ne4 Qxf2+
28. Nxf2 Re8+ 29. Kd1 Bh5+ 30. Ng4 Rxf4 31. h3 Re3 32. Kd2 Rxh3 33. Ne3 Rf2+
34. Kxd3 Re2 0-1

[Event "4NCL Division 2b"]
[Site "Daventry, ENG"]
[Date "2018.11.10"]
[Round "1.74"]
[White "Li, Henry"]
[Black "Homer, Stephen J"]
[Result "1-0"]
[WhiteElo "2219"]
[BlackElo "2066"]
[PlyCount "35"]
[EventDate "2018.11.10"]
[WhiteTeam "Gonzaga"]
[BlackTeam "West is Best 2"]

1. e4 c5 2. Nc3 Nc6 3. Bb5 Nd4 4. Bc4 e6 5. Nge2 Nf6 6. O-O d5 7. exd5 exd5 8.
Nxd5 Nxd5 9. Nxd4 Be7 10. Qf3 cxd4 11. Bxd5 O-O 12. d3 Qb6 13. Re1 Bf6 14. Bg5
Be6 15. Bxb7 Bxg5 16. Bxa8 Qxb2 17. Bd5 Qxc2 18. Rxe6 1-0

[Event "4NCL Division 2b"]
[Site "Daventry, ENG"]
[Date "2018.11.10"]
[Round "1.75"]
[White "Davies, Matthew"]
[Black "Murray, David"]
[Result "1/2-1/2"]
[WhiteElo "1944"]
[BlackElo "2201"]
[PlyCount "64"]
[EventDate "2018.11.10"]
[WhiteTeam "West is Best 2"]
[BlackTeam "Gonzaga"]

1. d4 Nf6 2. c4 c5 3. d5 b5 4. cxb5 a6 5. bxa6 g6 6. Nc3 Bg7 7. e4 O-O 8. Nf3
Qa5 9. Nd2 Bxa6 10. Bxa6 Qxa6 11. Qe2 e6 12. Qxa6 Nxa6 13. dxe6 fxe6 14. O-O
Nb4 15. Nf3 d5 16. exd5 exd5 17. a3 d4 18. Ne2 Nfd5 19. Rb1 Nd3 20. Rd1 Ne5 21.
Nxe5 Bxe5 22. Bd2 d3 23. Nc3 Nxc3 24. Bxc3 Bxc3 25. bxc3 c4 26. Rb4 Rxa3 27.
Rxc4 Ra2 28. f3 Re8 29. Rd4 Rb8 30. Rb4 Re8 31. Re4 Rb8 32. Rb4 Re8 1/2-1/2

[Event "4NCL Division 2b"]
[Site "Daventry, ENG"]
[Date "2018.11.10"]
[Round "1.76"]
[White "Moran, Stephen"]
[Black "Davis, Lee"]
[Result "1-0"]
[WhiteElo "2177"]
[BlackElo "1948"]
[PlyCount "77"]
[EventDate "2018.11.10"]
[WhiteTeam "Gonzaga"]
[BlackTeam "West is Best 2"]

1. d4 e6 2. c4 Nf6 3. Nc3 Bb4 4. e3 b6 5. Nge2 Bb7 6. a3 Be7 7. d5 O-O 8. Ng3
d6 9. Be2 Re8 10. O-O Bf8 11. e4 g6 12. Bg5 h6 13. Be3 Bg7 14. Qd2 Kh7 15. Rac1
a5 16. b3 Na6 17. f3 Qe7 18. Rfd1 Rad8 19. Rb1 Qf8 20. Nh1 h5 21. Nf2 Bh6 22.
Bxh6 Qxh6 23. b4 axb4 24. axb4 Nd7 25. Nb5 Ndb8 26. Nd4 e5 27. Nb5 Rd7 28. Nc3
Rde7 29. Nd3 Nd7 30. Nb5 Nf8 31. Qxh6+ Kxh6 32. Rdc1 Nd7 33. Kf2 f5 34. Ke3 Rf7
35. Ra1 Nf6 36. Rc2 Ra8 37. Rca2 Ne8 38. Nc3 fxe4 39. fxe4 1-0

[Event "4NCL Division 2b"]
[Site "Daventry, ENG"]
[Date "2018.11.10"]
[Round "1.77"]
[White "Gregory, Andrew M"]
[Black "Freeman, Gordon"]
[Result "1-0"]
[WhiteElo "1941"]
[BlackElo "2169"]
[PlyCount "69"]
[EventDate "2018.11.10"]
[WhiteTeam "West is Best 2"]
[BlackTeam "Gonzaga"]

1. d4 d5 2. Nf3 Nf6 3. e3 Bg4 4. Be2 e6 5. Ne5 Bxe2 6. Qxe2 c6 7. O-O Nbd7 8.
f4 Be7 9. Nd2 O-O 10. a3 Ne4 11. Nxe4 dxe4 12. Bd2 a5 13. c4 f6 14. Nxd7 Qxd7
15. Bc3 b5 16. b4 a4 17. Rad1 Rab8 18. h3 f5 19. Bb2 Bf6 20. Rc1 g5 21. g3 gxf4
22. gxf4 Kf7 23. Kh2 Ke7 24. cxb5 cxb5 25. Rc5 Rfc8 26. Rd1 Kf8 27. d5 Be7 28.
d6 Rxc5 29. dxe7+ Qxe7 30. bxc5 Qxc5 31. Rc1 Qa7 32. Be5 Qf7 33. Qc2 Qh5 34.
Qc5+ Kg8 35. Rg1+ 1-0

[Event "4NCL Division 2b"]
[Site "Daventry, ENG"]
[Date "2018.11.10"]
[Round "1.78"]
[White "Jackson, Carl"]
[Black "Lampard, Alice"]
[Result "1-0"]
[WhiteElo "2135"]
[BlackElo "1711"]
[PlyCount "71"]
[EventDate "2018.11.10"]
[WhiteTeam "Gonzaga"]
[BlackTeam "West is Best 2"]

1. e4 c5 2. Nc3 Nc6 3. g3 g6 4. Bg2 Bg7 5. d3 d6 6. f4 e6 7. Nf3 Nge7 8. Be3
O-O 9. O-O b6 10. d4 Ba6 11. Re1 cxd4 12. Nxd4 Rc8 13. Qd2 Na5 14. Qc1 Nc4 15.
Bf1 Nxe3 16. Qxe3 Bxf1 17. Kxf1 Qd7 18. Rad1 e5 19. Ndb5 Qh3+ 20. Kg1 exf4 21.
gxf4 Qxe3+ 22. Rxe3 d5 23. Nxa7 Rc4 24. exd5 Nf5 25. Re4 Rxe4 26. Nxe4 Ne3 27.
Rd3 Nxc2 28. Nc6 Re8 29. Ng3 Ne1 30. Rd1 Bf6 31. d6 Re6 32. Ne5 Nc2 33. d7 Bd8
34. Rc1 f6 35. Rxc2 fxe5 36. Rc8 1-0

[Event "4NCL Division 2b"]
[Site "Daventry, ENG"]
[Date "2018.11.10"]
[Round "1.81"]
[White "Isaakidis, Alexandros"]
[Black "Grant, David J"]
[Result "1/2-1/2"]
[WhiteElo "2171"]
[BlackElo "2222"]
[PlyCount "72"]
[EventDate "2018.11.10"]
[WhiteTeam "Wessex A"]
[BlackTeam "Sussex Martlets 1"]

1. e4 c5 2. Nf3 d6 3. d4 cxd4 4. Nxd4 Nf6 5. Nc3 g6 6. Be3 Bg7 7. f3 Nc6 8. Qd2
O-O 9. g4 Be6 10. Nxe6 fxe6 11. O-O-O Ne5 12. Be2 Qc8 13. h4 Nc4 14. Bxc4 Qxc4
15. h5 Rac8 16. Bh6 Rf7 17. hxg6 hxg6 18. Qg5 Nh7 19. Qxg6 Nf8 20. Qg5 Nh7 21.
Qg6 Nf8 22. Qg5 Nh7 23. Qe3 Bxc3 24. bxc3 Qxc3 25. Qxc3 Rxc3 26. f4 Rc4 27.
Rhe1 Nf6 28. e5 Nd5 29. exd6 exd6 30. Rd3 Kh7 31. Rh3 Nf6 32. Rf3 Nxg4 33. Rxe6
Nxh6 34. Rh3 Rcxf4 35. Rhxh6+ Kg7 36. Rxd6 R4f6 1/2-1/2

[Event "4NCL Division 2b"]
[Site "Daventry, ENG"]
[Date "2018.11.10"]
[Round "1.82"]
[White "Willson, Ollie"]
[Black "Pleasants, Allan J"]
[Result "1-0"]
[WhiteElo "2155"]
[BlackElo "2064"]
[PlyCount "43"]
[EventDate "2018.11.10"]
[WhiteTeam "Sussex Martlets 1"]
[BlackTeam "Wessex A"]

1. d4 g6 2. c4 Bg7 3. Nf3 c5 4. Nc3 cxd4 5. Nxd4 Nc6 6. Nc2 Bxc3+ 7. bxc3 Qa5
8. Qd3 Nf6 9. f4 d6 10. Nd4 Bf5 11. Nxf5 gxf5 12. Rb1 Qxa2 13. Rxb7 O-O 14. g3
Rab8 15. Rxb8 Rxb8 16. Bg2 Na5 17. Qxf5 Nxc4 18. Qd3 a5 19. g4 Nb2 20. Qd4 Rc8
21. g5 Rc4 22. Qd2 1-0

[Event "4NCL Division 2b"]
[Site "Daventry, ENG"]
[Date "2018.11.10"]
[Round "1.83"]
[White "Varney, Daniel"]
[Black "Cumming, Rhys"]
[Result "0-1"]
[WhiteElo "2072"]
[BlackElo "2224"]
[PlyCount "74"]
[EventDate "2018.11.10"]
[WhiteTeam "Wessex A"]
[BlackTeam "Sussex Martlets 1"]

1. e4 e5 2. Nf3 Nc6 3. Bc4 Nf6 4. d3 Bc5 5. c3 O-O 6. O-O d5 7. exd5 Nxd5 8.
Bg5 f6 9. Be3 Bb6 10. b4 Nce7 11. Bd2 c6 12. Na3 Kh8 13. Nc2 Ng6 14. Ne3 Ngf4
15. Qc2 Be6 16. Rad1 Qe8 17. Nxd5 cxd5 18. Bb3 Ng6 19. c4 Bg4 20. c5 Bxf3 21.
gxf3 Nh4 22. Kh1 Qh5 23. Bxd5 Rad8 24. Qc4 Nxf3 25. Bxf3 Qxf3+ 26. Kg1 Rd4 27.
Qxd4 exd4 28. cxb6 Qg4+ 29. Kh1 Qf3+ 30. Kg1 axb6 31. Rfe1 h5 32. Rc1 Qxd3 33.
Bf4 Qf3 34. Bd6 Qg4+ 35. Kh1 Qf3+ 36. Kg1 Rd8 37. Bc7 Rd5 0-1

[Event "4NCL Division 2b"]
[Site "Daventry, ENG"]
[Date "2018.11.10"]
[Round "1.84"]
[White "Graham, David B"]
[Black "Wilson, Jaimie"]
[Result "1-0"]
[WhiteElo "2194"]
[BlackElo "2065"]
[PlyCount "103"]
[EventDate "2018.11.10"]
[WhiteTeam "Sussex Martlets 1"]
[BlackTeam "Wessex A"]

1. e4 e6 2. Nf3 d5 3. e5 c5 4. b4 d4 5. bxc5 Nc6 6. Bd3 Bxc5 7. O-O Nge7 8. a4
Ng6 9. Re1 Qc7 10. Bxg6 hxg6 11. Ba3 Qe7 12. Bxc5 Qxc5 13. Na3 Bd7 14. Qe2 Ne7
15. Nb5 Bxb5 16. Qxb5+ Qxb5 17. axb5 d3 18. cxd3 Nd5 19. Ra3 Nc7 20. Rea1 a6
21. bxa6 Rxa6 22. Rxa6 bxa6 23. d4 Ke7 24. Kf1 g5 25. Nxg5 Rxh2 26. Ra4 f6 27.
Ne4 Rh4 28. f3 Rh1+ 29. Ke2 Rb1 30. Nc5 Rb6 31. g4 Rc6 32. Nd3 Nd5 33. Nb4 Nxb4
34. Rxb4 Rc7 35. f4 Ra7 36. Kd3 Kf7 37. Ke4 a5 38. Ra4 g6 39. Kd3 g5 40. fxg5
fxe5 41. dxe5 Kg6 42. Ke4 Kxg5 43. d4 Kxg4 44. d5 exd5+ 45. Kxd5+ Kf5 46. e6
Re7 47. Ra1 Ra7 48. Rf1+ Kg6 49. Kd6 Ra6+ 50. Ke5 Kg7 51. e7 Ra8 52. Rd1 1-0

[Event "4NCL Division 2b"]
[Site "Daventry, ENG"]
[Date "2018.11.10"]
[Round "1.85"]
[White "Duggan, Michael F G"]
[Black "Payne, Matthew J"]
[Result "0-1"]
[WhiteElo "2055"]
[BlackElo "2207"]
[PlyCount "106"]
[EventDate "2018.11.10"]
[WhiteTeam "Wessex A"]
[BlackTeam "Sussex Martlets 1"]

1. e4 e6 2. d4 d5 3. exd5 exd5 4. c4 Nf6 5. Nc3 Be7 6. cxd5 Nxd5 7. Bd3 Be6 8.
Nge2 Nc6 9. O-O O-O 10. a3 Bf6 11. Be4 Na5 12. Qd3 h6 13. Qg3 Nb3 14. Rb1 Nxc1
15. Rfxc1 c6 16. Na4 Bg5 17. Rd1 b6 18. f4 Bh4 19. Qf3 f5 20. Bc2 Re8 21. Nac3
Bf7 22. Nxd5 Bxd5 23. Bb3 Bxb3 24. Qxb3+ Kh8 25. Qd3 Qe7 26. Rd2 Rad8 27. g3
Bf6 28. Kg2 Rd5 29. Rbd1 c5 30. Qc2 cxd4 31. Nxd4 Bxd4 32. Rxd4 Rxd4 33. Rxd4
Qe2+ 34. Qxe2 Rxe2+ 35. Kf1 Rxb2 36. Rd7 a5 37. Rb7 a4 38. h4 b5 39. h5 b4 40.
axb4 a3 41. b5 a2 42. Ra7 Rb1+ 43. Ke2 a1=Q 44. Rxa1 Rxa1 45. Kd3 Rb1 46. Kc4
Kg8 47. Kc5 Kf7 48. Kc6 Ke6 49. b6 Rc1+ 50. Kb7 Kd7 51. Ka8 Kc6 52. b7 Ra1+ 53.
Kb8 Rb1 0-1

[Event "4NCL Division 2b"]
[Site "Daventry, ENG"]
[Date "2018.11.10"]
[Round "1.86"]
[White "Blake, J Morgan"]
[Black "Weatherlake, John P"]
[Result "1-0"]
[WhiteElo "2132"]
[BlackElo "2012"]
[PlyCount "37"]
[EventDate "2018.11.10"]
[WhiteTeam "Sussex Martlets 1"]
[BlackTeam "Wessex A"]

1. e4 g6 2. d4 Bg7 3. Nc3 d6 4. f4 Nf6 5. Nf3 O-O 6. Be2 c5 7. dxc5 Qa5 8. cxd6
Nxe4 9. dxe7 Re8 10. O-O Qc5+ 11. Kh1 Bxc3 12. bxc3 Nf2+ 13. Rxf2 Qxf2 14. Ba3
Nc6 15. Ng5 Qxf4 16. Qd5 Rxe7 17. Bxe7 h6 18. Rf1 Be6 19. Nxe6 1-0

[Event "4NCL Division 2b"]
[Site "Daventry, ENG"]
[Date "2018.11.10"]
[Round "1.87"]
[White "Simons, Martin J"]
[Black "Miller, Dominic"]
[Result "1-0"]
[WhiteElo "1989"]
[BlackElo "2093"]
[PlyCount "73"]
[EventDate "2018.11.10"]
[WhiteTeam "Wessex A"]
[BlackTeam "Sussex Martlets 1"]

1. e4 e6 2. d3 c5 3. g3 Nc6 4. Bg2 g6 5. Nf3 Bg7 6. O-O Nge7 7. Re1 d6 8. Nbd2
O-O 9. a4 e5 10. c3 f5 11. Qb3+ Kh8 12. Ng5 Qe8 13. Ne6 Bxe6 14. Qxe6 Rf6 15.
Qb3 Rb8 16. Nf3 h6 17. d4 fxe4 18. Rxe4 d5 19. Re1 e4 20. Ne5 cxd4 21. Ng4 Qf8
22. Nxf6 Qxf6 23. Bd2 Na5 24. Qd1 Rf8 25. cxd4 Qxf2+ 26. Kh1 Nc4 27. Bb4 Re8
28. Re2 Qxd4 29. Qxd4 Bxd4 30. Rd1 Nc6 31. Rxd4 Nxb4 32. b3 Nc6 33. Rxd5 Nb6
34. Rd6 Na5 35. Re3 Nac4 36. bxc4 Nxc4 37. Red3 1-0

[Event "4NCL Division 2b"]
[Site "Daventry, ENG"]
[Date "2018.11.10"]
[Round "1.88"]
[White "Graham, Cassie M"]
[Black "Jaufarally, Nadia"]
[Result "0-1"]
[WhiteElo "2035"]
[BlackElo "1960"]
[PlyCount "96"]
[EventDate "2018.11.10"]
[WhiteTeam "Sussex Martlets 1"]
[BlackTeam "Wessex A"]

1. e4 c5 2. Nc3 Nc6 3. f4 g6 4. Nf3 Bg7 5. Bc4 e6 6. f5 Nge7 7. fxe6 fxe6 8. d3
h6 9. O-O O-O 10. Qe1 Nd4 11. Nxd4 Rxf1+ 12. Kxf1 cxd4 13. Ne2 d5 14. exd5 Nxd5
15. Qg3 Kh7 16. Kg1 e5 17. Bd2 Be6 18. Re1 Qd7 19. Qh4 Rf8 20. c3 dxc3 21. Nxc3
Nf4 22. Bxe6 Qd4+ 23. Kh1 Qxd3 24. Be3 Nxe6 25. h3 Rf1+ 26. Rxf1 Qxf1+ 27. Kh2
Nf4 28. Qg3 b6 29. Bxf4 Qxf4 30. Qxf4 exf4 31. Nb5 a5 32. b3 Be5 33. Kg1 g5 34.
Kf2 Kg6 35. Kf3 Kf5 36. Na3 h5 37. Nc4 g4+ 38. hxg4+ hxg4+ 39. Ke2 Bd4 40. Nd2
Bc5 41. Kd3 Bg1 42. Nf1 f3 43. gxf3 gxf3 44. Ng3+ Kg4 45. Nf1 Kh3 46. Nd2 Kg2
47. a4 Bc5 48. Ne4 f2 0-1

[Event "4NCL Division 2b"]
[Site "Daventry, ENG"]
[Date "2018.11.11"]
[Round "2.51"]
[White "Jessel, Stephen"]
[Black "Rogers, Jonathan W"]
[Result "0-1"]
[WhiteElo "2318"]
[BlackElo "2299"]
[PlyCount "58"]
[EventDate "2018.11.11"]
[WhiteTeam "Gonzaga"]
[BlackTeam "Barbican 4NCL 2"]

1. Nf3 f5 2. g3 Nf6 3. Bg2 g6 4. O-O Bg7 5. d4 O-O 6. b4 c6 7. c4 d5 8. Nbd2 a5
9. b5 cxb5 10. cxb5 a4 11. Ba3 Ne4 12. Qc2 Bd7 13. Rab1 Ra5 14. b6 Nc6 15. e3
Ra6 16. Qb2 Re8 17. Rfc1 e5 18. Nxe4 fxe4 19. Nxe5 Bxe5 20. dxe5 Nxe5 21. Rc7
Nc4 22. Qd4 Nxa3 23. Qxd5+ Be6 24. Qxb7 Nxb1 25. Rg7+ Kf8 26. Rxh7 Re7 27. Rxe7
Rxb6 28. Qa7 Qd1+ 29. Bf1 Nd2 0-1

[Event "4NCL Division 2b"]
[Site "Daventry, ENG"]
[Date "2018.11.11"]
[Round "2.52"]
[White "Navarro Cia, Miguel"]
[Black "Delaney, Killian"]
[Result "1/2-1/2"]
[WhiteElo "2257"]
[BlackElo "2206"]
[PlyCount "84"]
[EventDate "2018.11.11"]
[WhiteTeam "Barbican 4NCL 2"]
[BlackTeam "Gonzaga"]

1. e4 c6 2. Nc3 d5 3. Nf3 Bg4 4. h3 Bxf3 5. Qxf3 e6 6. Be2 dxe4 7. Nxe4 Nd7 8.
d4 Ngf6 9. O-O Nxe4 10. Qxe4 Nf6 11. Qh4 Be7 12. Qg3 O-O 13. Bh6 Ne8 14. Be3
Bd6 15. Qf3 Qh4 16. Rad1 Nf6 17. c4 e5 18. Qf5 Rfe8 19. Bg5 Qe4 20. Bg4 Qxf5
21. Bxf5 exd4 22. Bxf6 gxf6 23. Rxd4 Bc5 24. Rd7 Re2 25. Rxb7 Rd8 26. Bd7 Re7
27. Bxc6 Rxb7 28. Bxb7 Rd2 29. a4 Rxb2 30. Ba6 Rb6 31. Bb5 a6 32. Bd7 Rb4 33.
Rc1 Rb2 34. Rf1 Rc2 35. Bc8 Rxc4 36. Bxa6 Rxa4 37. Bb7 Rb4 38. Bf3 Rb2 39. Bg4
Kg7 40. Bf3 h5 41. g3 Kh6 42. h4 Rd2 1/2-1/2

[Event "4NCL Division 2b"]
[Site "Daventry, ENG"]
[Date "2018.11.11"]
[Round "2.53"]
[White "Thorarinsson, Pall A"]
[Black "Moss, Guy"]
[Result "0-1"]
[WhiteElo "2269"]
[BlackElo "2166"]
[PlyCount "74"]
[EventDate "2018.11.11"]
[WhiteTeam "Gonzaga"]
[BlackTeam "Barbican 4NCL 2"]

1. c4 c6 2. Nf3 Nf6 3. Nc3 d5 4. e3 Ne4 5. cxd5 Nxc3 6. bxc3 cxd5 7. c4 Nc6 8.
Bb2 e6 9. Be2 Bc5 10. cxd5 Qxd5 11. O-O O-O 12. d4 Be7 13. Nd2 Qd8 14. Bf3 Bd7
15. e4 Rc8 16. d5 Nb4 17. Qb3 a5 18. a4 b5 19. axb5 Bxb5 20. Rfc1 a4 21. Rxc8
Qxc8 22. Qd1 Nd3 23. Bd4 Bc5 24. Rxa4 Bxa4 25. Qxa4 e5 26. Qc4 Bxd4 27. Qxd3
Qc1+ 28. Nf1 Rb8 29. d6 Qc6 30. g4 Qxd6 31. Ne3 Qc5 32. Kg2 Bxe3 33. fxe3 h6
34. h4 Rb2+ 35. Kg3 Qc1 36. Be2 Qe1+ 37. Kf3 Qxh4 0-1

[Event "4NCL Division 2b"]
[Site "Daventry, ENG"]
[Date "2018.11.11"]
[Round "2.54"]
[White "Brett, Andrew R"]
[Black "Freeman, Gordon"]
[Result "1-0"]
[WhiteElo "2112"]
[BlackElo "2169"]
[PlyCount "81"]
[EventDate "2018.11.11"]
[WhiteTeam "Barbican 4NCL 2"]
[BlackTeam "Gonzaga"]

1. c4 c6 2. Nc3 d5 3. cxd5 cxd5 4. d4 Nf6 5. Nf3 Nc6 6. Bf4 Ne4 7. e3 Nxc3 8.
bxc3 g6 9. Ne5 Nxe5 10. Bxe5 f6 11. Bg3 Bg7 12. Bb5+ Bd7 13. Qb3 Bc6 14. O-O
O-O 15. c4 Kh8 16. Bxc6 bxc6 17. Qa4 Qe8 18. Rab1 e5 19. Rfd1 Qe6 20. Qa6 dxc4
21. dxe5 fxe5 22. Rbc1 Rfd8 23. Rxd8+ Rxd8 24. h3 c3 25. Rxc3 Rd1+ 26. Kh2 h5
27. Rxc6 Qf5 28. Qc8+ Kh7 29. Qxf5 gxf5 30. Rc7 Kg6 31. Rxa7 Bf6 32. h4 Rf1 33.
Ra6 f4 34. exf4 e4 35. a4 Kf5 36. Ra8 Bd4 37. Ra5+ Kf6 38. Rxh5 Bxf2 39. Bxf2
Rxf2 40. Kg3 Ra2 41. a5 1-0

[Event "4NCL Division 2b"]
[Site "Daventry, ENG"]
[Date "2018.11.11"]
[Round "2.55"]
[White "Moran, Stephen"]
[Black "Coleman, David J"]
[Result "1/2-1/2"]
[WhiteElo "2177"]
[BlackElo "2065"]
[PlyCount "105"]
[EventDate "2018.11.11"]
[WhiteTeam "Gonzaga"]
[BlackTeam "Barbican 4NCL 2"]

1. d4 Nf6 2. c4 g6 3. Nc3 Bg7 4. e4 d6 5. f3 O-O 6. Be3 Nc6 7. Nge2 a6 8. Qd2
e5 9. d5 Na5 10. Nc1 c5 11. dxc6 bxc6 12. b4 Nb7 13. Nb3 Be6 14. Rd1 Qe7 15.
Be2 Rfd8 16. Bb6 Rd7 17. O-O d5 18. Nc5 Nxc5 19. Bxc5 Qe8 20. cxd5 cxd5 21.
exd5 Nxd5 22. Nxd5 Rxd5 23. Qc2 Qc6 24. Bd3 Qc7 25. Be4 Rxd1 26. Rxd1 Rc8 27.
Qd3 a5 28. a3 axb4 29. axb4 Bf8 30. Rc1 f5 31. Bd5 Qf7 32. Bxe6 Qxe6 33. Qe3
Qd5 34. Bxf8 Rxc1+ 35. Qxc1 Kxf8 36. Qc8+ Kf7 37. Qc7+ Kf6 38. Qc3 Ke6 39. Qc8+
Ke7 40. Qc7+ Kf6 41. Qc3 Ke6 42. Kf2 h5 43. Qc8+ Ke7 44. Qc7+ Kf6 45. Qc3 Kf7
46. Qb2 Qb5 47. Qb3+ Kf6 48. h4 Qb6+ 49. Kf1 Qb5+ 50. Kg1 Qb6+ 51. Kf1 Qb5+ 52.
Ke1 Qb6 53. Kf1 1/2-1/2

[Event "4NCL Division 2b"]
[Site "Daventry, ENG"]
[Date "2018.11.11"]
[Round "2.56"]
[White "French, Max"]
[Black "Li, Henry"]
[Result "1/2-1/2"]
[WhiteElo "2086"]
[BlackElo "2219"]
[PlyCount "49"]
[EventDate "2018.11.11"]
[WhiteTeam "Barbican 4NCL 2"]
[BlackTeam "Gonzaga"]

1. d4 Nf6 2. c4 g6 3. Nc3 Bg7 4. e4 O-O 5. Be2 d6 6. Be3 c5 7. d5 e6 8. Nf3 Ng4
9. Bg5 f6 10. Bh4 e5 11. h3 Nh6 12. g4 a6 13. g5 Nf7 14. gxf6 Bxf6 15. Bxf6
Qxf6 16. Qd2 Bd7 17. a4 a5 18. O-O-O Na6 19. Rdg1 Kh8 20. h4 Rg8 21. Ng5 Nxg5
22. hxg5 Qe7 23. Bg4 Bxg4 24. Rxg4 Rg7 25. f3 1/2-1/2

[Event "4NCL Division 2b"]
[Site "Daventry, ENG"]
[Date "2018.11.11"]
[Round "2.57"]
[White "Jackson, Carl"]
[Black "Harari, Zaki"]
[Result "0-1"]
[WhiteElo "2135"]
[BlackElo "2033"]
[PlyCount "56"]
[EventDate "2018.11.11"]
[WhiteTeam "Gonzaga"]
[BlackTeam "Barbican 4NCL 2"]

1. e4 e5 2. Nf3 Nc6 3. Nc3 Nf6 4. d4 exd4 5. Nd5 Be7 6. Bc4 d6 7. Nxe7 Qxe7 8.
O-O Bg4 9. Bd5 Nxd5 10. exd5 Ne5 11. Re1 Bxf3 12. Qxd4 O-O 13. Bf4 Rae8 14. Re3
Qf6 15. Bxe5 Rxe5 16. c4 c5 17. Qd2 Qf5 18. g3 Rxe3 19. fxe3 Re8 20. Re1 h5 21.
Qf2 Be4 22. h4 Qg4 23. b3 Re5 24. Kh2 Rf5 25. Qg1 Rf3 26. Rf1 Qf5 27. Rxf3 Qxf3
28. Kh3 Qg4+ 0-1